The Entrepreneur Mind (Record no. 216460)

MARC details
000 -LEADER
fixed length control field 00453nam a22001577a 4500
008 - FIXED-LENGTH DATA ELEMENTS--GENERAL INFORMATION
fixed length control field 260115b |||||||| |||| 00| 0 eng d
020 ## - INTERNATIONAL STANDARD BOOK NUMBER
International Standard Book Number 978-0-9884797-0-8
050 ## - LIBRARY OF CONGRESS CALL NUMBER
Classification number HD 62.5.J64 2013
Item number 1
100 ## - MAIN ENTRY--PERSONAL NAME
Personal name Johnson Kevin D
245 ## - TITLE STATEMENT
Title The Entrepreneur Mind
Remainder of title 100 Essential Beliefs,Characteristics and Habits
260 ## - PUBLICATION, DISTRIBUTION, ETC.
Place of publication, distribution, etc. Atlanta
Name of publisher, distributor, etc. Johnson Media
Date of publication, distribution, etc. 2013
300 ## - PHYSICAL DESCRIPTION
Extent 254 P
650 ## - SUBJECT ADDED ENTRY
Topical term or geographic name entry element Entrepreneurship
942 ## - ADDED ENTRY ELEMENTS (KOHA)
Source of classification or shelving scheme Library of Congress Classification
Koha item type Long Loan Book
Holdings
Withdrawn status Lost status Source of classification or shelving scheme Damaged status Not for loan Home library Current library Date acquired Inventory number Total checkouts Total renewals Full call number Barcode Date last seen Date last checked out Copy number Price effective from Koha item type
    Library of Congress Classification     Kisii University Library Kisii University Library 01/15/2026 105766 2 1 HD 62.5.J64 2013 000000020682 03/02/2026 02/02/2026 1 01/15/2026 Long Loan Book